Statistics for Noah Kahan - Orange Juice Lyrics

Click here to take the quiz!

General Stats

  • This quiz has been taken 124 times
    (109 since last reset)
  • The average score is 302 of 337

Answer Stats

Answer% Correct
go?
100%
I
100%
In
100%
in
100%
it
100%
juice
100%
kitchen
100%
orange
100%
so
100%
the
100%
The
100%
You
100%
you
100%
children
98%
For
98%
for
98%
your
98%
come
97%
gone
97%
Honey
97%
if
97%
It's
97%
over
97%
slower
97%
To
97%
to
97%
want
97%
yours
97%
a
95%
glad
95%
just
95%
party's
95%
sober
95%
there
95%
There's
95%
We
95%
we
95%
where
95%
and
94%
And
94%
Bought
94%
got
94%
long
94%
no
94%
been
92%
could
92%
home
92%
I've
92%
know
92%
on
92%
on?
92%
one
92%
as
90%
ask
90%
tempt
90%
visit
90%
will
90%
didn't
89%
has
89%
months
89%
six
89%
We're
89%
changed
87%
heart
87%
like
87%
my
87%
said
87%
you'd
87%
dot
86%
drank
86%
Feels
86%
soul
86%
that
86%
That
86%
Why'd
86%
haven't
84%
Not
84%
not
84%
ready
84%
strange
84%
think
84%
anger
83%
I'm
83%
now?
83%
Now
83%
pass
83%
face
81%
filled
81%
line
81%
third
81%
up
81%
with
81%
back
79%
hold
79%
'02
78%
ahead
78%
carried
78%
finger
78%
life
78%
made
78%
me
78%
nick
78%
stranger
78%
through
78%
asked
76%
crash
76%
had
76%
"Mm
76%
mm
76%
mm"
76%
out
76%
went
76%
down
75%
down?
75%
ground
75%
passed
75%
See
75%
those
75%
time
75%
was
75%
world
75%
Are
73%
From
73%
lawn
73%
Lord
73%
put
73%
Savior
73%
all
71%
But
71%
last
71%
pullin'
71%
bones
70%
don't
70%
find
68%
our
68%
crows
67%
graves
67%
this
67%
town
67%
say
63%
hm"
62%
hm
62%
I'd
59%

Score Distribution

Percentile by Number Answered

Percent of People with Each Score

Your Score History

You have not taken this quiz since the last reset